| 000 | 01157nam a22002777a 4500 | ||
|---|---|---|---|
| 001 | 2989 | ||
| 003 | FISKH | ||
| 005 | 20240129144432.0 | ||
| 008 | 240129b cb ||||| |||| 00| 0 eng d | ||
| 020 | _a9780545289177 | ||
| 040 |
_aFISKH _beng _cFISKH _dFISKH |
||
| 050 | _aQA5.R64 | ||
| 082 | _a510 | ||
| 100 | _aRogers, Kirsteen | ||
| 245 |
_aUsborne illustrated elementary math dictionary / _cKirsteen Rogers and Tori Large ; Designed by Karen Tomlins ; Math consultant : Sheila Ebbutt, Beam Education ; Illustrated by Ruth Russel ; American editor : Carrie A. Armstrong ; US consultant : Rhoda Bennett |
||
| 260 |
_aNew York : _bScholastic, _c2010. |
||
| 300 |
_a135 pages : _bcolor illustrations ; _c24 cm |
||
| 520 | _aDefines key terms and concepts dealing with numbers and number facts, calculations, shape and space, measurements, and data. | ||
| 650 |
_aUsborne Math Dictionary _vnon-fiction |
||
| 700 |
_aLarge, Tori _eAuthor |
||
| 700 |
_aTomlins, Karen _eDesigner |
||
| 700 |
_aEbbutt Sheila _eMath consulter |
||
| 700 |
_aRussel, Ruth _eIllustrator |
||
| 700 |
_aArmstrong, Carrie A. _eAmerican editor |
||
| 942 |
_2ddc _cBK _n0 |
||
| 999 |
_c2989 _d2989 |
||